| 000 | 00603nam a2200169Ia 4500 | ||
|---|---|---|---|
| 008 | 180921t2019 xxu||||| |||| 00| 0 sin d | ||
| 041 | _asin | ||
| 080 |
_a030 _bදසොයි |
||
| 100 | _aද සොයිසා, ආර්. වුඩ්වර්ඩ් බර්නාඩ් | ||
| 245 | _aගොඩගේ සිංහල - ඉංග්රීසි ශබ්දකෝෂය | ||
| 246 | _aGodage sinhala-ingrisi shabdakoshaya | ||
| 260 |
_bගොඩගේ _aකොළඹ _c2019 |
||
| 300 | _bපි.1019, සෙ.මී.21 | ||
| 942 | _cBK | ||
| 999 |
_c6674 _d6674 |
||
| 003 | LK-CoDNM | ||
| 040 |
_aLK-CoDNM _dLK-CoDNM _eLK-CoDNM |
||